00827cam a2200241 a 4500999001500000001000600015003000900021005001700030008004100047020001600088020001800104040003800122082001900160245006100179260003500240300004100275504005100316600003200367650004100399700001600440942001200456952011700468 c3335d333515160BD-DhUAP20210131094426.0200303s1998 bg abf b f000 0 eng  a8181750837  a9788181750839 aBD-DhUAPcBD-DhUAPdBD-DhUAPbEng a791.43 SAT223 aSatyajit Ray, an intimate master /cedited by Santi Das. aCalcutta : bPapyrus, cc2004. a252 pages :billustrations ;c18 cm. aIncludes bibliographical references and index. aRay, Satyajit, -- 1921-1992 aMotion pictures -- India -- History. aDas, Santi. 2ddccBK 00102ddc4070aUAPCLbUAPCLcGeneral Stacksd2020-03-03o791.43 SATp3010015160r2020-03-03t1w2020-03-03yBK